Taylor Swift - Cruel Summer (All Lyrics) - Statistiques

Statistiques générales
  • Ce quiz a été pris 223 fois
  • Le résultat moyen est 276 sur 418
Statistiques - réponses
Réponse % Correct
I
98%
« I
98%
A
95%
The
95%
It
93%
You
93%
You, »
93%
Cruel
92%
In
92%
Summer
92%
Of
91%
And
89%
I'm
87%
« I’m
87%
I’m
87%
It's
87%
It’s
87%
Car
86%
Back
85%
That
83%
To
82%
Drunk
80%
Like
80%
Baby
78%
But
76%
Bar
75%
He
75%
Night
75%
True
75%
Keep
74%
From
72%
Wasn’t
72%
Body
71%
Ever
71%
Your
71%
Blue,
70%
Blue
70%
Don’t
70%
Fine, »
70%
Just
70%
Love
70%
Coming
69%
Devil
67%
Home
67%
With
67%
Oh
66%
Oh,
66%
(Oh)
66%
Shape
66%
Want
66%
Know
65%
What
65%
Got
64%
Said
64%
New,
63%
For
62%
Me
62%
Thing
61%
Feeling
60%
Wanna
60%
Cried
59%
Heard ?
59%
Secrets
59%
Worst
59%
Dream
57%
High
57%
My
57%
Kill
56%
Garden
54%
Gate
54%
No
54%
Bad,
53%
Bad
53%
Every
53%
Ain’t
52%
Angels
51%
Dice,
51%
Window
50%
Be
49%
Boy
49%
I’ve
49%
Looks
49%
More
49%
Roll
48%
Cool,
47%
Eyes
46%
Rules
45%
Rules,
45%
Slow,
45%
Makes
44%
Up
44%
Whatever
44%
Doesn't
43%
Quiet
42%
Bought
41%
Tell
41%
Their
41%
Worth
41%
Always
40%
Toy
40%
Waiting
40%
Devils
39%
Heaven
39%
Seal
39%
That's
39%
That’s
39%
Fate
38%
Snuck
38%
Fever
37%
Shiny
37%
Killing
36%
So
36%
Through
36%
Below
35%
Breakable
34%
Caught
34%
Grinning
34%
Ooh,
34%
Price
34%
Out
33%
Machine
32%
screamed
31%
Screamed
31%
Not
28%
Cut
26%
'Em
26%
‘Em
26%
Say
26%
Head
25%
Vending
25%
(Yeah,
25%
Yeah,
25%
Yeah)
25%
( Yeah,
25%
Yeah )
25%
Last
24%
Low
24%
Dying
22%
Bleed,
21%
If
21%
You'll
21%
Knife
19%
Glow
18%
Trying
18%
Bone
17%
We're
16%
Whoa,
15%
Whoa
15%
Summer's
14%
Times
14%
We'll
13%
These
12%
Screw
11%
Headlights,
10%
Hang
9%
´Em
0%
Aucun quiz correspondant
Distribution des résultats
% des personnes avec chaque résultat
Percentile par nombre de réponses
Votre historique - résultats
Vous n’avez pas pris ce quiz